MDQL
is popping MORE tags! Check the
thread
!
Quizzes
Events
Quiz Creation
Community
Videos
Private Events
Remove Ads
Sign In
Join for FREE
Feedback
Dark Mode
Quiz Categories
Sports
Geography
Music
Movies
Television
Just For Fun
Miscellaneous
History
Literature
Language
Science
Gaming
Entertainment
Religion
Holiday
For Kids
Quiz Lab
Recent
Popular Today
Quiz Kudos Today
Editor Picks
Curator Picks
Quizzes by...
Day
Popularity
Type
Ratings
Length
Year
Community
Subscriptions
Recent Discussions
Orange Saloon
Badges
Playlists
Quests
Create
Leaderboards
Showdown
Live 5
Trivia Bingo
Activity
Puzzle Library
Sporcle Events
Private Events
Virtual Trivia
Globe League
Become a Host
Pub Owners
SporcleCon
Opinionation
Our Games
Videos
Blog
Mobile Apps
Partnerships
Remove Ads and Go Orange
Feedback
Movies
Disney
Marvel Cinematic Universe
Movie Resume
Movie Titles
Oscar
Actor
Actress
Director
Pixar
Role
Movie Quotes
Movie Characters
Box Office
Nominee
Best Picture
Star Wars
James Bond
Horror Movies
Movies
Disney
Marvel Cinematic Universe
Movie Resume
Movie Titles
Oscar
Actor
Actress
Director
Pixar
Role
Movie Quotes
Movie Characters
Box Office
Nominee
Best Picture
Star Wars
James Bond
Horror Movies
Random Quiz
Search Sporcle
×
Quiz Lab
Quiz Lab
Movies
Actor
Type in answers that appear in a list
Type in answers that appear in a list
Classic
Best Score? Go Orange.
More Movie Baldies (images) Stats
Can you name the Movie Baldies (images)?
By
maaxwell
8m
48 Questions
410 Plays
410 Plays
410 Plays
Comments
Comments
Give Quiz Kudos
Give Quiz Kudos
-
- Ratings
hide this ad
More Info
Replay
Link that replays current quiz
Next Quiz
Link to next quiz in quiz playlist
You Got
0%
They Got
Avg Score
46%
Avg Friend Score
Upgrade to see
Score Distribution
Jump to the score distribution portion of the page
Score
0/48
Timer
08:00
0
Plays Today
Baldie
No Hair
% Correct
2
Bruce Willis
89.8%
23
Harry Potter and the Deathly Hallows
86.3%
16
Samuel L. Jackson
84.9%
19
Sir Sean Connery
83.4%
2
Die Hard 4.0
79.5%
12
Austin Powers: The Spy Who Shagged Me
74.4%
23
Ralph Fiennes
69.3%
19
Indiana Jones and the Last Crusade
64.4%
15
Star Wars Episode VI: Return of the Jedi
63.9%
22
Arnold Schwarzenegger
62.4%
22
Batman & Robin
62.2%
6
The Mummy
59%
16
The Avengers
56.3%
9
Matt Damon
55.6%
4
Nosferatu
54.1%
12
Verne Troyer
48.8%
13
The Hangover 2
47.6%
17
Saw V
38.8%
13
Zach Galifianakis
37.1%
24
Dennis Hopper
37.1%
24
Waterworld
36.1%
11
Robert Duvall
34.9%
9
Eurotrip
31.5%
1
Flash Gordon
30%
Baldie
No Hair
% Correct
8
Minority Report
29%
21
The Last Samurai
28.3%
21
Ken Watanabe
26.3%
5
Isaac Hayes
25.4%
3
Raiders of the Lost Ark
22.4%
18
It's a Wonderful Life
21.5%
20
Total Recall
21%
14
George C. Scott
19.8%
20
Michael Ironside
19.3%
17
Tobin Bell
18.3%
14
Patton
16.8%
15
Sebastian Shaw
16.3%
10
Annie
14.9%
10
Albert Finney
14.6%
6
Arnold Vosloo
13.4%
7
Highlander
12.7%
4
Max Schreck
12.2%
1
Max von Sydow
11.7%
8
Samantha Morton
11.7%
5
Escape from New York
10.2%
11
THX 1138
9.5%
18
Lionel Barrymore
9.5%
7
Clancy Brown
7.3%
3
Pat Roach
2.9%
Quiz Playlist
Details
Report
Send in Message
Add To Playlist
More Info:
Name these movie baldies, the movie in which they appeared without their hair and the character's name from the images provided
Classic:
Type in answers that appear in a list
Quiz Source
Last Updated: Mar 15, 2018
Quiz Scoreboard
CHALLENGE
Sign Up to Join the Scoreboard
Show All
Scores
Hide
Comments
May contain spoilers
Recently Published
Holiday 10x10 Sorting Gallery
by lukepisani3
Holiday
15m
Two Season TV Shows II
by 123Four
Television
10m
Image Sorting: Flags VI
by Barbecue
Geography
2m
More to Explore
Quiz From the Vault
Featured Blog Post
14 Easter Pick-up Lines to Find Eggs With
hide this ad
You Might Also Like...
Tags
Actor Quiz
Actress Quiz
bald
hair
Image Quiz
Today's Top Quizzes in Movies
Browse Movies
hide this ad
Today's Top Quizzes in Actor
Browse Actor
Top Contributed Quizzes in Movies
1
The ultimate James Bond movie quiz
2
Find The 'Big' Movie
3
Find The 'Wild' Movie
4
Find The 'Blue' Movie
5
Movies By Plot
6
Hidden Star Wars Character II
7
25 Best Actor Nominees (1990s)
8
Hidden Star Wars Character III
9
😉 2024 Oscar Nominees by Emoji
10
Hidden Star Wars Character IV
Explore More
Trending Topics
Anime
Harry Potter
Crossword
Disney
Marvel
Kpop
NBA
WWE
The Office
NFL
Song
Country
Soccer
Pokémon
Puzzle
hide this ad
More By:
maaxwell
Quiz
Plays
Rating
Category
Featured
Created
Gods in Disney's Hercules
83,462
4.30
Entertainment
Jun 23, 2011
Movie Teachers
62,867
4.31
Movies
Jun 2, 2011
Tolkien: Human, Elf or Dwarf?
46,899
3.86
Literature
Jul 22, 2011
Word Ladder: Harrison Ford
43,245
4.53
Just For Fun
Jul 19, 2011
Movie Scars
30,882
4.38
Movies
Jun 21, 2011
Go to Creator's Profile
Score Distribution
Quiz Creator Spotlight
maaxwell
Follow
Send a Message
Quizzes Created
-
Created Quiz Play Count
-
More By This Creator
Popular Quizzes Today
1
Find the US States - No Outlines Minefield
2
Colored Red Africa Blitz
3
Find the 'City' Movie
4
The Countries of the World
5
Find the US States
6
5x2 Blitz: Bands
7
Find the Countries of Europe - No Outlines Minefield
8
US States
More Movies Quizzes
Quick Pick: Kate Hudson Movie Posters
Quiz Lab
Trending Quizzes
Colored Red Europe Blitz I
Colored Red Europe Blitz II
Colored Red Africa Blitz II
Colored Red Europe Blitz III
Colored Red Africa Blitz III
Recently Updated
Odd Team Out - Big 4 Players
pecheneg
Quick Pick: 20 Twenties
pecheneg
March Madness Men's Triple Doubles
pecheneg
How Do You Spell That?
pecheneg
Godzilla Movies
pecheneg
Grab Bag: 4-10 Letters
pecheneg
2024 March Madness Bracket
pecheneg
Famous TV Couples
Peacemaker
Champions League XIs: Real Madrid
pecheneg
Largest US Cities 1790-2010
pecheneg
Trending Topics
Anime
Marvel
Disney
Crossword
Harry Potter
Kpop
NBA
Puzzle
Soccer
The Office
Song
Pokémon
Country
NFL
WWE
Your Account Isn't Verified!
In order to create a playlist on Sporcle, you need to verify the email address you used during registration. Go to your
Sporcle Settings
to finish the process.
Report this User
Report this user for behavior that violates our
Community Guidelines
.
Details:
Send Report
Go to the Sporcle.com Mobile Site →
Comments